Informe de la Comisión del Instituto Nacional de Higiene de Alfonso XIII, enviada a las posesiones españolas del Golfo de Guinea, para el estudio de la enfermedad del sueño y de las condiciones sanitarias de la colonia / (Record no. 120524)
[ view plain ]
| 000 -LEADER | |
|---|---|
| campo de control de longitud fija | 01073nam a2200217 i 4500 |
| 001 - NÚMERO DE CONTROL | |
| campo de control | 120524 |
| 003 - IDENTIFICADOR DE NÚMERO DE CONTROL | |
| campo de control | ES-MaACL |
| 005 - FECHA Y HORA DE LA ÚLTIMA TRANSACCIÓN | |
| campo de control | 20231220202823.0 |
| 007 - CAMPO FIJO DE DESCRIPCIÓN FÍSICA--INFORMACIÓN GENERAL | |
| campo de control de longitud fija | t| |
| 008 - DATOS DE LONGITUD FIJA--INFORMACIÓN GENERAL | |
| campo de control de longitud fija | 070214s1910 sp abf r ||||1| spa d |
| 080 ## - NÚMERO DE LA CLASIFICACIÓN DECIMAL UNIVERSAL | |
| Número de la Clasificación Decimal Universal | 351.77(671.8) |
| 110 1# - ENTRADA PRINCIPAL--NOMBRE DE ENTIDAD CORPORATIVA | |
| Nombre de entidad corporativa o nombre de jurisdicción como elemento de entrada | España. |
| Unidad subordinada | Ministerio de Estado. |
| -- | Sección Colonial. |
| 9 (RLIN) | 3867 |
| 245 10 - MENCIÓN DEL TÍTULO | |
| Título | Informe de la Comisión del Instituto Nacional de Higiene de Alfonso XIII, enviada a las posesiones españolas del Golfo de Guinea, para el estudio de la enfermedad del sueño y de las condiciones sanitarias de la colonia / |
| Mención de responsabilidad, etc. | publicada por Real Orden de 21 de abril de 1910 bajo la dirección del dr. Gustavo Pittaluga... ; prólogo de ... Santiago Ramón y Cajal. |
| 260 ## - PUBLICACIÓN, DISTRIBUCIÓN, ETC. | |
| Lugar de publicación, distribución, etc. | Madrid : |
| Nombre del editor, distribuidor, etc. | [s.n.], |
| Fecha de publicación, distribución, etc. | 1910 ( |
| Fabricante | Imp. Artística de J. Blass y Cía.) |
| 300 ## - DESCRIPCIÓN FÍSICA | |
| Extensión | 442 p. , lám. col. y n. : |
| Otras características físicas | il., mapas ; |
| Dimensiones | 28 x 20 cm. |
| 650 #4 - PUNTO DE ACCESO ADICIONAL DE MATERIA--TÉRMINO DE MATERIA | |
| Término de materia o nombre geográfico como elemento de entrada | Salud pública- |
| Subdivisión geográfica | Guinea Ecuatorial. |
| 9 (RLIN) | 148608 |
| 700 1# - ENTRADA AGREGADA--NOMBRE PERSONAL | |
| Nombre de persona | Pittaluga, Gustavo, |
| Fechas asociadas al nombre | 1876-1956 |
| 9 (RLIN) | 155591 |
| 700 1# - ENTRADA AGREGADA--NOMBRE PERSONAL | |
| Nombre de persona | Ramón y Cajal, Santiago, |
| Fechas asociadas al nombre | 1852-1934 |
| 9 (RLIN) | 226468 |
| 852 ## - LOCALIZACIÓN | |
| Ubicación | ES-MaACL |
| Número de control de estantería | F-126 |
| Estatus retirado | Estado de pérdida | Estado de daño | No para préstamo | Biblioteca de origen | Biblioteca actual | Ubicación en estantería | Fecha de adquisición | Fuente de adquisición | Total de préstamos | Signatura topográfica completa | Código de barras | Visto por última vez | Precio de reemplazo | Tipo de ítem Koha |
|---|---|---|---|---|---|---|---|---|---|---|---|---|---|---|
| Biblioteca del Ateneo de Madrid | Biblioteca del Ateneo de Madrid | Depósito 2 | 17/01/2008 | F-126 | 1125627 | 23/02/2023 | 23/02/2023 | Libro impreso |
